000 00473nam a2200181 a 4500
001 11295
005 20180713195442.0
008 140415s1975 sp 000 0 spa d
041 _aspa
082 _a624.171
_bCRO
100 1 _aCROLL, J.G.A.
245 1 0 _aELEMENTOS DE ESTABILIDAD ESTRUCTURAL
250 _a1a ed.
260 _aESPAÑA :
_bREVERTE,
_c1975
300 _a229
650 1 4 _aESTABILIDAD DE ESTRUCTURAS
700 1 _aWALKER, A.C.
_ecoaut.
999 _c11295
_d11295